000 00272nam a2200133 i 4500
001 bg
245 0 _aBiblioteka Nawigatora.
260 _aGdynia,
_c1975.
040 _cBPK
041 _apol
080 _a527
942 _cKS
008 s pl f |000 0 pol
999 _c16663
_d16663
856 _uhttp://koha.tu.koszalin.pl/cgi-bin/koha/opac-detail.pl?biblionumber=16663
_yKatalog online BPK